000 00806nam a2200265Ia 4500
003 OSt
005 20220930072232.0
006 a|||||r|||| 00| 0
007 ta
008 220926b |||||||| |||| 00| 0 hin d
024 _a19185
037 _cTheses
040 _aCRL
_cCRL
_bhin
041 _2hin
_ahin
100 _aBisht Hansi
_9529562
110 _aUniversity of Delhi. Faculty of Arts. Department of Philosophy
_978394
245 0 _aHamari bhavishyat ki prabha
_b Gyanmimansa mein ek tulnatmak adhyayan
260 _c1989
300 _a311p.
_ap.
_ccm.
650 _aPHILOSOPHY
700 _a Dr. S R Bhatt Gu.
_9529563
700 _aUniversity of Delhi. Faculty of Arts. Department of Philosophy
_978395
942 _cDIS
_2CC
999 _c863609
_d863609